[Event "SVK ECo-C Extraliga 2018-19"]
[Site "Slovakia"]
[Date "2019.03.09"]
[Round "7.6"]
[White "Zambor, Norbert"]
[Black "Jozefek, Michal"]
[Result "1-0"]
[WhiteElo "2260"]
[BlackElo "2201"]
[Annotator "NA"]
[PlyCount "283"]
[EventDate "2018.11.10"]
[EventType "team-tourn"]
[EventCountry "SVK"]
[SourceTitle "playchess.com"]
[Source "ChessBase"]
[SourceQuality "1"]
[WhiteTeam "Prakovce"]
[BlackTeam "Osuske"]
[TimeControl "40/5400+30:1800+30"]

1. e4 {[%emt 0:01:33]} c5 {[%emt 0:00:00]} 2. Nf3 {[%emt 0:00:13]} d6 {[%emt 0:00:00]} 3. Bb5+ {[%emt 0:00:52]} Bd7 {[%emt 0:00:27]} 4. Bxd7+ {[%emt 0:01:48]} Qxd7 {[%emt 0:00:02]} 5. O-O {[%emt 0:00:41]} Nc6 {[%emt 0:00:07]} 6. c3 {[%emt 0:00:06]} Nf6 {[%emt 0:04:31]} 7. d4 {[%emt 0:01:26]} cxd4 {[%emt 0:10:41]} 8. cxd4 {[%emt 0:04:17]} d5 {[%emt 0:02:20]} 9. e5 {[%emt 0:01:11]} Ne4 {[%emt 0:00:45]} 10. Ne1 {[%emt 0:02:19]} h6 {[%emt 0:06:38]} 11. Be3 {[%emt 0:06:02]} e6 {[%emt 0:05:22]} 12. f3 {[%emt 0:00:55]} Ng5 {[%emt 0:00:06]} 13. Nd3 {[%emt 0:08:04]} Be7 {[%emt 0:03:16]} 14. Nd2 $14 {[%emt 0:02:17]} Rc8 {[%emt 0:03:55]} 15. h4 {[%emt 0:06:45]} Nh7 {[%emt 0:00:04]} 16. f4 {[%emt 0:00:21]} Nf8 {[%emt 0:07:39]} 17. h5 {[%emt 0:02:53]} g6 {[%emt 0:14:41]} 18. Rf3 {[%emt 0:06:17]} Nb4 {[%emt 0:08:44]} 19. Ne1 {[%emt 0:08:05]} gxh5 {[%emt 0:06:44]} 20. Rh3 {[%emt 0:01:37]} h4 {[%emt 0:01:36]} 21. a3 {[%emt 0:02:09]} Nc6 {[%emt 0:00:06]} 22. b4 {[%emt 0:00:59]} h5 {[%emt 0:01:14]} 23. Nd3 {[%emt 0:01:45]} b6 {[%emt 0:02:31]} 24. f5 {[%emt 0:08:16]} exf5 {[%emt 0:00:55]} 25. Nf4 {[%emt 0:00:37]} Ne6 {[%emt 0:01:10]} 26. Nxh5 {[%emt 0:00:49]} f4 {[%emt 0:02:37]} 27. Bf2 {[%emt 0:06:15]} Qd8 {[%emt 0:02:27]} 28. Qg4 {[%emt 0:03:22]} Kf8 {[%emt 0:01:46]} 29. Nf3 {[%emt 0:00:34]} Rg8 {[%emt 0:04:57]} 30. Qf5 {[%emt 0:00:28]} Ng5 {[%emt 0:00:48]} 31. Nxg5 {[%emt 0:00:39]} Bxg5 {[%emt 0:00:13]} 32. Nxf4 {[%emt 0:05:11]} Ne7 {[%emt 0:04:52]} 33. Qg4 {[%emt 0:07:42]} Rc2 {[%emt 0:02:35]} 34. Rf1 {[%emt 0:00:45]} Qc8 {[%emt 0:00:49]} 35. Qxc8+ {[%emt 0:06:41]} Rxc8 {[%emt 0:00:34]} 36. Bxh4 {[%emt 0:00:17]} Bxf4 {[%emt 0:00:15]} 37. Rxf4 {[%emt 0:01:05]} Ng6 {[%emt 0:00:14]} 38. Rf2 {[%emt 0:02:25]} Rh8 {[%emt 0:00:49]} 39. Bg5 {[%emt 0:00:57]} Rxh3 {[%emt 0:00:44]} 40. gxh3 {[%emt 0:00:02]} Rc3 {[%emt 0:00:53]} 41. Kg2 {[%emt 0:31:14]} Kg8 {[%emt 0:31:14]} 42. Rf3 {[%emt 0:00:00]} Rc4 {[%emt 0:00:00]} 43. Rd3 {[%emt 0:00:00]} Nf8 {[%emt 0:00:00]} 44. Be3 {[%emt 0:00:00]} Ne6 {[%emt 0:00:00]} 45. h4 {[%emt 0:00:00]} Kh7 {[%emt 0:00:00]} 46. Kf3 {[%emt 0:00:00]} Rc2 {[%emt 0:00:00]} 47. Kg4 {[%emt 0:00:00]} Ng7 {[%emt 0:00:00]} 48. Kg5 {[%emt 0:00:00]} Rc6 {[%emt 0:00:00]} 49. b5 {[%emt 0:00:00]} Rg6+ {[%emt 0:00:00]} 50. Kf4 {[%emt 0:00:00]} Rg2 {[%emt 0:00:00]} 51. Rb3 {[%emt 0:01:50]} Kg6 {[%emt 0:00:00]} 52. Rb4 {[%emt 0:02:02]} Rh2 {[%emt 0:00:00]} 53. Kg3 {[%emt 0:00:51]} Rc2 {[%emt 0:00:00]} 54. Ra4 {[%emt 0:00:46]} Nf5+ {[%emt 0:01:19]} 55. Kf4 {[%emt 0:00:20]} Rh2 {[%emt 0:01:09]} 56. h5+ {[%emt 0:00:35]} Rxh5 {[%emt 0:00:16]} 57. Bf2 {[%emt 0:00:19]} Rh2 {[%emt 0:01:07]} 58. Kf3 {[%emt 0:00:28]} Rh3+ {[%emt 0:01:31]} 59. Ke2 {[%emt 0:00:08]} Rb3 {[%emt 0:00:58]} 60. Rxa7 {[%emt 0:00:05]} Rxb5 {[%emt 0:00:07]} 61. Rd7 {[%emt 0:01:37]} Rb2+ {[%emt 0:03:29]} 62. Kf3 {[%emt 0:00:25]} Rb3+ {[%emt 0:00:21]} 63. Ke2 {[%emt 0:00:42]} Rxa3 {[%emt 0:00:42]} 64. Rxd5 {[%emt 0:00:08]} f6 {[%emt 0:00:41]} 65. e6 {[%emt 0:00:36]} Ra8 {[%emt 0:00:20]} 66. Rb5 {[%emt 0:01:27]} Rd8 {[%emt 0:00:41]} 67. Kd3 {[%emt 0:00:15]} Rd6 {[%emt 0:00:10]} 68. d5 {[%emt 0:00:41]} Ne7 {[%emt 0:00:05]} 69. Kc4 {[%emt 0:00:46]} Nxd5 {[%emt 0:00:05]} 70. Rxd5 {[%emt 0:00:20]} Rxe6 {[%emt 0:00:01]} 71. Rb5 {[%emt 0:00:18]} Re4+ {[%emt 0:00:25]} 72. Kd3 {[%emt 0:00:07]} Rf4 {[%emt 0:00:10]} 73. Be3 {[%emt 0:00:18]} Rf1 {[%emt 0:00:12]} 74. Rxb6 {[%emt 0:00:08]} Rd1+ {[%emt 0:00:18]} 75. Bd2 {[%emt 0:00:23]} Rf1 {[%emt 0:01:02]} 76. Ke2 {[%emt 0:00:15]} Rf5 {[%emt 0:00:09]} 77. Bc3 {[%emt 0:00:06]} Kg5 {[%emt 0:00:40]} 78. Ke3 {[%emt 0:00:12]} Rf1 {[%emt 0:00:13]} 79. Rb8 {[%emt 0:00:12]} Rh1 {[%emt 0:00:48]} 80. Rf8 {[%emt 0:01:25]} Rh3+ {[%emt 0:00:33]} 81. Kd2 {[%emt 0:00:32]} Rh2+ {[%emt 0:00:17]} 82. Ke1 {[%emt 0:00:14]} f5 {[%emt 0:01:17]} 83. Be5 {[%emt 0:00:30]} Rh6 {[%emt 0:00:13]} 84. Kf2 {[%emt 0:00:15]} Ra6 {[%emt 0:00:22]} 85. Rg8+ {[%emt 0:00:14]} Rg6 {[%emt 0:00:07]} 86. Bf4+ {[%emt 0:02:01]} Kh5 {[%emt 0:00:07]} 87. Ra8 {[%emt 0:00:53]} Kg4 {[%emt 0:01:43]} 88. Ra4 {[%emt 0:00:05]} Re6 {[%emt 0:00:31]} 89. Be5+ {[%emt 0:00:47]} Kg5 {[%emt 0:00:04]} 90. Ra5 {[%emt 0:00:04]} Rb6 {[%emt 0:00:31]} 91. Ra8 {[%emt 0:00:06]} Re6 {[%emt 0:00:28]} 92. Ra5 {[%emt 0:00:55]} Rb6 {[%emt 0:00:04]} 93. Ra1 {[%emt 0:00:07]} Rb4 {[%emt 0:01:45]} 94. Ra8 {[%emt 0:00:30]} Rb6 {[%emt 0:02:38]} 95. Ra4 {[%emt 0:00:00]} Re6 {[%emt 0:00:00]} 96. Bf4+ {[%emt 0:00:00]} Kg4 {[%emt 0:00:00]} 97. Bh2+ {[%emt 0:00:00]} Re4 {[%emt 0:00:07]} 98. Ra7 {[%emt 0:00:13]} Kg5 {[%emt 0:00:23]} 99. Kf3 {[%emt 0:00:19]} Rb4 {[%emt 0:00:18]} 100. Rg7+ {[%emt 0:00:23]} Kf6 {[%emt 0:00:10]} 101. Rg8 {[%emt 0:00:35]} Rb3+ {[%emt 0:00:41]} 102. Kg2 {[%emt 0:00:12]} Rb2+ {[%emt 0:00:11]} 103. Kh3 {[%emt 0:00:11]} Rb4 {[%emt 0:00:24]} 104. Bg3 {[%emt 0:00:31]} Rg4 {[%emt 0:00:28]} 105. Rf8+ {[%emt 0:02:59]} Ke6 {[%emt 0:00:13]} 106. Bh2 {[%emt 0:01:17]} Ra4 {[%emt 0:00:18]} 107. Kg3 {[%emt 0:00:46]} Rb4 {[%emt 0:00:34]} 108. Bg1 {[%emt 0:00:41]} Rg4+ {[%emt 0:00:07]} 109. Kf2 {[%emt 0:00:06]} Ra4 {[%emt 0:01:09]} 110. Kf3 {[%emt 0:00:11]} Rb4 {[%emt 0:00:19]} 111. Be3 {[%emt 0:00:17]} Ra4 {[%emt 0:00:49]} 112. Bf4 {[%emt 0:01:48]} Ra3+ {[%emt 0:00:19]} 113. Be3 {[%emt 0:00:26]} Ra4 {[%emt 0:00:04]} 114. Re8+ {[%emt 0:00:26]} Kf6 {[%emt 0:00:48]} 115. Rd8 {[%emt 0:00:08]} Ke6 {[%emt 0:00:49]} 116. Rd1 {[%emt 0:00:32]} Re4 {[%emt 0:00:22]} 117. Bf4 {[%emt 0:00:30]} Ke7 {[%emt 0:00:57]} 118. Rd5 {[%emt 0:00:35]} Ke6 {[%emt 0:00:09]} 119. Rd2 {[%emt 0:00:37]} Ke7 {[%emt 0:00:08]} 120. Rh2 {[%emt 0:00:41]} Ra4 {[%emt 0:00:31]} 121. Rh5 {[%emt 0:00:26]} Kf6 {[%emt 0:00:23]} 122. Rh6+ {[%emt 0:00:04]} Kg7 {[%emt 0:00:20]} 123. Rd6 {[%emt 0:00:23]} Kf7 {[%emt 0:01:53]} 124. Be5 {[%emt 0:00:17]} Ke7 {[%emt 0:01:20]} 125. Rf6 {[%emt 0:00:16]} Ra5 {[%emt 0:00:36]} 126. Kf4 {[%emt 0:00:10]} Rb5 {[%emt 0:00:05]} 127. Kxf5 {[%emt 0:00:17]} Rb1 {[%emt 0:00:12]} 128. Rh6 {[%emt 0:00:17]} Rf1+ {[%emt 0:00:11]} 129. Bf4 {[%emt 0:00:05]} Kd7 {[%emt 0:00:16]} 130. Rd6+ {[%emt 0:00:39]} Ke7 {[%emt 0:00:10]} 131. Rc6 {[%emt 0:00:07]} Kd8 {[%emt 0:00:24]} 132. Ke5 {[%emt 0:00:50]} Kd7 {[%emt 0:00:21]} 133. Rd6+ {[%emt 0:00:08]} Kc7 {[%emt 0:00:16]} 134. Rd4 {[%emt 0:00:09]} Kc6 {[%emt 0:00:21]} 135. Rc4+ {[%emt 0:00:29]} Kd7 {[%emt 0:00:14]} 136. Kf5 {[%emt 0:00:34]} Re1 {[%emt 0:00:53]} 137. Rc7+ {[%emt 0:00:36]} Kd8 {[%emt 0:00:15]} 138. Rh7 {[%emt 0:00:26]} Kc8 {[%emt 0:01:00]} 139. Be5 {[%emt 0:01:33]} Rg1 {[%emt 0:00:22]} 140. Ke6 {[%emt 0:00:33]} Rg5 {[%emt 0:00:59]} 141. Rc7+ {[%emt 0:00:21]} Kd8 {[%emt 0:00:10]} 142. Rc5 {[%emt 0:00:21]} 1-0

[Event "SVK ECo-C Extraliga 2018-19"]
[Site "Slovakia"]
[Date "2019.03.09"]
[Round "7.6"]
[White "Joba, Arpad"]
[Black "Cech, Pavel"]
[Result "0-1"]
[WhiteElo "2009"]
[BlackElo "2324"]
[Annotator "NA"]
[PlyCount "70"]
[EventDate "2018.11.10"]
[EventType "team-tourn"]
[EventCountry "SVK"]
[SourceTitle "playchess.com"]
[Source "ChessBase"]
[SourceQuality "1"]
[WhiteTeam "Komarno"]
[BlackTeam "Liptovska"]
[TimeControl "40/5400+30:1800+30"]

1. e4 {[%emt 0:00:00]} e6 {[%emt 0:00:00]} 2. d4 {[%emt 0:00:00]} d5 {[%emt 0:00:00]} 3. Nc3 {[%emt 0:00:00]} Bb4 {[%emt 0:00:11]} 4. e5 {[%emt 0:00:00]} c5 {[%emt 0:02:49]} 5. a3 {[%emt 0:00:00]} Bxc3+ {[%emt 0:00:06]} 6. bxc3 {[%emt 0:00:10]} Ne7 {[%emt 0:00:06]} 7. Qg4 {[%emt 0:00:32]} Qc7 {[%emt 0:00:13]} 8. Qxg7 {[%emt 0:00:08]} Rg8 {[%emt 0:00:04]} 9. Qxh7 {[%emt 0:00:08]} cxd4 {[%emt 0:00:22]} 10. Ne2 {[%emt 0:00:08]} Nbc6 {[%emt 0:00:15]} 11. f4 {[%emt 0:00:07]} Bd7 {[%emt 0:01:03]} 12. Qd3 {[%emt 0:00:38]} dxc3 {[%emt 0:00:17]} 13. Rb1 {[%emt 0:06:50]} d4 {[%emt 0:11:20]} 14. g3 {[%emt 0:18:41]} O-O-O {[%emt 0:15:16]} 15. Bg2 {[%emt 0:02:26]} Nf5 {[%emt 0:03:51]} 16. O-O {[%emt 0:12:00]} Kb8 {[%emt 0:11:49]} 17. Rf2 {[%emt 0:09:09]} Bc8 $11 {[%emt 0:17:35]} 18. Be4 {[%emt 0:06:34]} b6 {[%emt 0:08:03]} 19. Rg2 {[%emt 0:18:51]} Bb7 {[%emt 0:03:00]} 20. g4 {[%emt 0:02:39]} Nh4 {[%emt 0:01:23]} 21. Rg3 {[%emt 0:00:07]} a5 {[%emt 0:02:16]} 22. g5 {[%emt 0:04:16]} Ka7 {[%emt 0:01:13]} 23. Rh3 {[%emt 0:06:09]} Nf5 {[%emt 0:03:03]} 24. Bxf5 {[%emt 0:08:03]} exf5 {[%emt 0:00:06]} 25. Ng3 {[%emt 0:00:44]} Ne7 {[%emt 0:01:52]} 26. Rh6 {[%emt 0:00:39]} Rg6 {[%emt 0:02:19]} 27. Rh7 {[%emt 0:01:26]} Qc6 {[%emt 0:01:53]} 28. Kf2 {[%emt 0:01:06]} Qg2+ {[%emt 0:02:06]} 29. Ke1 {[%emt 0:00:04]} Ba6 {[%emt 0:05:15]} 30. Rb5 {[%emt 0:00:04]} Bxb5 {[%emt 0:00:06]} 31. Qxb5 {[%emt 0:00:05]} Qxc2 {[%emt 0:00:06]} 32. Ne2 {[%emt 0:01:23]} d3 {[%emt 0:00:16]} 33. Nxc3 {[%emt 0:00:41]} Qxc1+ {[%emt 0:02:15]} 34. Nd1 {[%emt 0:00:11]} Qxf4 {[%emt 0:00:32]} 35. Rxf7 {[%emt 0:00:46]} Re6 {[%emt 0:00:11]} 0-1

[Event "SVK ECo-C Extraliga 2018-19"]
[Site "Slovakia"]
[Date "2019.03.09"]
[Round "7.7"]
[White "Meszaros, Michal"]
[Black "Zpevak, Pavel"]
[Result "*"]
[WhiteElo "2358"]
[BlackElo "2340"]
[Annotator "NA"]
[PlyCount "24"]
[EventDate "2018.11.10"]
[EventType "team-tourn"]
[EventCountry "SVK"]
[SourceTitle "playchess.com"]
[Source "ChessBase"]
[SourceQuality "1"]
[WhiteTeam "Streda"]
[BlackTeam "Dubnica"]
[TimeControl "40/5400+30:1800+30"]

1. d4 {[%emt 0:00:00]} d5 {[%emt 0:00:00]} 2. c4 {[%emt 0:00:03]} dxc4 {[%emt 0:00:00]} 3. Nf3 {[%emt 0:00:16]} Nf6 {[%emt 0:00:01]} 4. g3 {[%emt 0:04:23]} a6 {[%emt 0:01:43]} 5. Bg2 {[%emt 0:01:07]} Nc6 {[%emt 0:04:27]} 6. O-O {[%emt 0:01:05]} e6 {[%emt 0:07:02]} 7. e3 {[%emt 0:01:33]} Rb8 {[%emt 0:07:21]} 8. Qe2 {[%emt 0:04:48]} b5 {[%emt 0:06:28]} 9. b3 {[%emt 0:00:11]} cxb3 {[%emt 0:02:39]} 10. axb3 {[%emt 0:00:10]} Bb7 {[%emt 0:02:31]} 11. Bb2 {[%emt 0:02:27]} Nb4 {[%emt 0:06:50]} 12. Rc1 {[%emt 0:10:08]} Be7 {[%emt 0:09:49]} *

[Event "SVK ECo-C Extraliga 2018-19"]
[Site "Slovakia"]
[Date "2019.03.09"]
[Round "7.7"]
[White "Zpevak, Pavel"]
[Black "Meszaros, Michal"]
[Result "1/2-1/2"]
[WhiteElo "2340"]
[BlackElo "2358"]
[Annotator "ChessBase"]
[PlyCount "64"]
[EventDate "2018.11.10"]
[EventType "team-tourn"]
[EventCountry "SVK"]
[SourceTitle "playchess.com"]
[Source "ChessBase"]
[SourceQuality "1"]
[WhiteTeam "Dubnica"]
[BlackTeam "Streda"]
[TimeControl "40/5400+30:1800+30"]

1. d4 {[%emt 0:00:00]} d5 {[%emt 0:00:00]} 2. c4 {[%emt 0:00:03]} dxc4 {[%emt 0:00:00]} 3. Nf3 {[%emt 0:00:16]} Nf6 {[%emt 0:00:01]} 4. g3 {[%emt 0:04:23]} a6 {[%emt 0:01:43]} 5. Bg2 {[%emt 0:01:07]} Nc6 {[%emt 0:04:27]} 6. O-O {[%emt 0:01:05]} e6 {[%emt 0:07:02]} 7. e3 {[%emt 0:01:33]} Rb8 {[%emt 0:07:21]} 8. Qe2 {[%emt 0:04:48]} b5 {[%emt 0:06:28]} 9. b3 {[%emt 0:00:11]} cxb3 {[%emt 0:02:39]} 10. axb3 {[%emt 0:00:10]} Bb7 {[%emt 0:02:31]} 11. Bb2 {[%emt 0:02:27]} Nb4 {[%emt 0:06:50]} 12. Rc1 {[%emt 0:10:08]} Be7 {[%emt 0:09:49]} 13. Nbd2 {[%emt 0:04:06]} O-O {[%emt 0:02:53]} 14. Ne5 {[%emt 0:10:21]} Bxg2 {[%emt 0:08:34]} 15. Kxg2 {[%emt 0:00:29]} Rb6 {[%emt 0:04:29]} 16. Ba3 {[%emt 0:13:18]} Nd7 {[%emt 0:14:41]} 17. Ndf3 {[%emt 0:11:44]} Nxe5 {[%emt 0:02:40]} 18. Nxe5 {[%emt 0:00:21]} f6 {[%emt 0:09:49]} 19. Bxb4 {[%emt 0:06:54]} Bxb4 {[%emt 0:00:03]} 20. Nc6 {[%emt 0:04:42]} Qa8 {[%emt 0:00:17]} 21. Qf3 {[%emt 0:06:19]} Bd6 {[%emt 0:00:21]} 22. Rc2 {[%emt 0:00:29]} Qe8 {[%emt 0:01:15]} 23. Na5 {[%emt 0:03:57]} e5 {[%emt 0:01:28]} 24. Nb7 {[%emt 0:05:11]} e4 {[%emt 0:00:36]} 25. Qf5 {[%emt 0:00:12]} g6 {[%emt 0:05:26]} 26. Qd5+ {[%emt 0:00:14]} Kh8 {[%emt 0:00:33]} 27. Nxd6 {[%emt 0:00:34]} Rxd6 {[%emt 0:00:45]} 28. Qb7 {[%emt 0:00:12]} Qc8 {[%emt 0:00:46]} 29. Qxc7 {[%emt 0:02:48]} Qxc7 {[%emt 0:00:13]} 30. Rxc7 {[%emt 0:00:04]} f5 {[%emt 0:00:20]} 31. Rac1 {[%emt 0:00:53]} Kg8 {[%emt 0:00:50]} 32. b4 {[%emt 0:02:47]} Rf7 {[%emt 0:00:24]} 1/2-1/2

[Event "SVK ECo-C Extraliga 2018-19"]
[Site "Slovakia"]
[Date "2019.03.09"]
[Round "7.7"]
[White "Haring, Viktor"]
[Black "Pallag, Gergely"]
[Result "1-0"]
[WhiteElo "2278"]
[BlackElo "2005"]
[Annotator "NA"]
[PlyCount "47"]
[EventDate "2018.11.10"]
[EventType "team-tourn"]
[EventCountry "SVK"]
[SourceTitle "playchess.com"]
[Source "ChessBase"]
[SourceQuality "1"]
[WhiteTeam "Liptovska"]
[BlackTeam "Komarno"]
[TimeControl "40/5400+30:1800+30"]

1. e4 {[%emt 0:00:00]} e6 {[%emt 0:00:00]} 2. d4 {[%emt 0:00:09]} d5 {[%emt 0:00:00]} 3. Nd2 {[%emt 0:00:09]} Nf6 {[%emt 0:00:00]} 4. e5 {[%emt 0:00:56]} Nfd7 {[%emt 0:00:00]} 5. Bd3 {[%emt 0:00:54]} c5 {[%emt 0:00:09]} 6. c3 {[%emt 0:00:33]} Nc6 {[%emt 0:00:09]} 7. Ne2 {[%emt 0:01:20]} Qb6 {[%emt 0:00:34]} 8. O-O {[%emt 0:05:28]} cxd4 {[%emt 0:03:22]} 9. cxd4 {[%emt 0:00:15]} Nxd4 {[%emt 0:00:58]} 10. Nxd4 {[%emt 0:00:10]} Qxd4 {[%emt 0:00:08]} 11. Nf3 {[%emt 0:00:12]} Qb6 {[%emt 0:05:00]} 12. Qc2 {[%emt 0:01:26]} f5 {[%emt 0:45:02] [#]} 13. exf6 $16 {[%emt 0:08:04]} Nxf6 {[%emt 0:06:57]} 14. Be3 {[%emt 0:15:51]} Qd6 {[%emt 0:12:58]} 15. Rac1 {[%emt 0:17:47]} e5 {[%emt 0:14:16]} 16. Qxc8+ {[%emt 0:23:40]} Rxc8 {[%emt 0:00:31]} 17. Rxc8+ {[%emt 0:00:10]} Kf7 {[%emt 0:02:20]} 18. Ng5+ {[%emt 0:00:13]} Kg8 {[%emt 0:00:44]} 19. Rfc1 {[%emt 0:06:33]} d4 {[%emt 0:05:36]} 20. Ne4 {[%emt 0:04:20]} Qd7 {[%emt 0:00:44]} 21. R1c7 {[%emt 0:01:28]} Qxc7 {[%emt 0:00:30]} 22. Rxc7 {[%emt 0:00:17]} h6 {[%emt 0:00:29]} 23. Nxf6+ {[%emt 0:00:09]} gxf6 {[%emt 0:00:05]} 24. Bc4# 1-0

[Event "SVK ECo-C Extraliga 2018-19"]
[Site "Slovakia"]
[Date "2019.03.09"]
[Round "7.7"]
[White "Banas, Kamil"]
[Black "Sepesi, Samuel"]
[Result "1-0"]
[WhiteElo "2248"]
[BlackElo "2189"]
[Annotator "NA"]
[PlyCount "79"]
[EventDate "2018.11.10"]
[EventType "team-tourn"]
[EventCountry "SVK"]
[SourceTitle "playchess.com"]
[Source "ChessBase"]
[SourceQuality "1"]
[WhiteTeam "Modra"]
[BlackTeam "Snina"]
[TimeControl "40/5400+30:1800+30"]

1. e4 {[%emt 0:00:00]} c5 {[%emt 0:00:00]} 2. Nf3 {[%emt 0:00:00]} Nc6 {[%emt 0:00:00]} 3. d4 {[%emt 0:00:00]} cxd4 {[%emt 0:00:08]} 4. Nxd4 {[%emt 0:00:00]} g6 {[%emt 0:01:42]} 5. c4 {[%emt 0:00:10]} Nf6 {[%emt 0:01:07]} 6. Nc3 {[%emt 0:00:02]} d6 {[%emt 0:00:20]} 7. Be2 {[%emt 0:00:42]} Nxd4 {[%emt 0:00:06]} 8. Qxd4 {[%emt 0:00:03]} Bg7 {[%emt 0:00:09]} 9. Be3 {[%emt 0:00:56]} O-O {[%emt 0:00:08]} 10. Qd2 {[%emt 0:00:16]} a5 {[%emt 0:00:22]} 11. Rb1 {[%emt 0:04:21]} Bd7 {[%emt 0:08:58]} 12. b3 {[%emt 0:01:35]} Bc6 {[%emt 0:00:49]} 13. f3 {[%emt 0:00:21]} Nd7 {[%emt 0:00:15]} 14. O-O {[%emt 0:01:01]} Nc5 {[%emt 0:00:06]} 15. Rfc1 {[%emt 0:02:22]} Qb6 {[%emt 0:01:16]} 16. a3 {[%emt 0:17:49]} Nxb3 {[%emt 0:48:43]} 17. Bxb6 {[%emt 0:03:03]} Nxd2 {[%emt 0:00:03]} 18. Rb2 {[%emt 0:00:20]} Nxe4 {[%emt 0:07:27]} 19. fxe4 {[%emt 0:00:09]} Bxe4 {[%emt 0:00:11]} 20. Rb3 {[%emt 0:03:21]} Bc6 {[%emt 0:10:01]} 21. Nd5 {[%emt 0:04:45]} e6 {[%emt 0:01:20]} 22. Ne7+ {[%emt 0:01:57]} Kh8 {[%emt 0:00:05]} 23. Nxc6 {[%emt 0:00:16]} bxc6 {[%emt 0:00:17]} 24. Rd1 {[%emt 0:03:33]} d5 {[%emt 0:06:42]} 25. Bc7 {[%emt 0:02:47]} Ra7 {[%emt 0:04:13]} 26. Bd6 {[%emt 0:00:58]} Rd8 {[%emt 0:01:10]} 27. c5 {[%emt 0:00:38]} e5 {[%emt 0:01:09]} 28. Rb6 {[%emt 0:02:36]} e4 {[%emt 0:01:08]} 29. Rxc6 {[%emt 0:07:14]} d4 {[%emt 0:00:24]} 30. Bb5 {[%emt 0:01:29]} d3 {[%emt 0:04:00]} 31. Bf4 {[%emt 0:05:27]} Bd4+ {[%emt 0:00:39]} 32. Kf1 {[%emt 0:00:06]} Rb7 {[%emt 0:00:37]} 33. a4 {[%emt 0:01:08]} Kg7 {[%emt 0:01:22]} 34. Rd6 {[%emt 0:01:19]} Rxd6 {[%emt 0:01:09]} 35. Bxd6 {[%emt 0:00:10]} Ra7 {[%emt 0:00:36]} 36. Rc1 {[%emt 0:05:20]} d2 {[%emt 0:00:43]} 37. Rd1 {[%emt 0:00:20]} e3 {[%emt 0:00:04]} 38. Ke2 {[%emt 0:00:19]} Kf6 {[%emt 0:00:51]} 39. Kd3 {[%emt 0:00:25]} Rb7 {[%emt 0:00:38]} 40. c6 {[%emt 0:01:00]} 1-0

[Event "SVK ECo-C Extraliga 2018-19"]
[Site "Slovakia"]
[Date "2019.03.09"]
[Round "7.7"]
[White "Kantorik, Marian"]
[Black "Petran, Peter"]
[Result "0-1"]
[WhiteElo "2206"]
[BlackElo "2244"]
[Annotator "TA"]
[PlyCount "101"]
[EventDate "2018.11.10"]
[EventType "team-tourn"]
[EventCountry "SVK"]
[SourceTitle "playchess.com"]
[Source "ChessBase"]
[SourceQuality "1"]
[WhiteTeam "Dunajov"]
[BlackTeam "Slovan"]

{[%evp 9,101,37,64,64,68,57,56,62,57,18,7,5,63,58,91,81,106,93,100,100,123,68,68,62,52,54,93,0,0,0,0,0,0,-37,-26,-62,-62,-169,-131,-293,-251,-363,-217,-204,-192,-187,-65,-167,0,0,0,0,0,0,0,0,0,-21,-6,-66,-66,-90,-93,-118,-118,-118,-118,-118,-118,-514,-522,-522,-512,-497,-495,-453,-441,-441,-425,-682,-682,-661,-647,-647,-593,-560,-495,-5297,-1589,-1558,-1505,-1401,-1327,-29957]} 1. d4 g6 2. g3 Bg7 3. Bg2 c5 4. d5 d6 5. c4 f5 6. Nh3 {A43: Schmid Benoni} Na6 7. Nf4 Nc7 8. h4 {White is slightly better.} Nh6 $146 ({Predecessor:} 8... a6 9. e4 Nf6 10. h5 fxe4 11. hxg6 hxg6 12. Rxh8+ Bxh8 13. Nxg6 {1-0 (38) Kempinski,R (2565)-Kozul,Z (2596) Rethymno 2003}) 9. h5 g5 10. Nh3 g4 (10... Nf7 $1 $11) 11. Nf4 $14 Nf7 12. Qc2 Rb8 13. Nc3 O-O 14. h6 Be5 15. Bd2 (15. a4 $16) 15... b5 16. cxb5 Nxb5 17. Nxb5 Rxb5 18. Bc3 (18. Rb1 $16) 18... Bxc3+ $11 19. Qxc3 {[%csl Gh6][%cal Rc3g7]} Qa5 20. Qxa5 Rxa5 21. a3 Ne5 22. O-O-O Bd7 23. Bf1 (23. Ne6 $15 Rb8 24. Rh5) 23... Rb8 {Strongly threatening ...Ba4.} 24. e3 $2 (24. Nd3 $17 {might work better.}) 24... c4 $19 25. Rd4 (25. Rd2 $142 Kf7 26. Rc2) 25... c3 (25... Rab5 $142 26. b4 a5) 26. Rb4 Rxb4 27. axb4 Ra1+ 28. Kc2 Bb5 $2 ({Black should try} 28... Ba4+ $1 $19 29. b3 Bb5 $1 {[%mdl 576] Pin}) 29. Bg2 $11 Rxh1 30. Bxh1 cxb2 31. Kxb2 {[%mdl 4096] Endgame KBN-KBN} Kf7 32. Kc3 Kf6 33. e4 Nf7 34. Kd4 (34. Ne6 $1 $11) 34... Nxh6 $15 35. Nh5+ Kg5 36. Ng7 {[#]} Bd7 $1 37. exf5 Nxf5+ ({But not} 37... Bxf5 $6 38. Nxf5 Nxf5+ 39. Kc4 $11) 38. Nxf5 Bxf5 $17 {KB-KB} 39. f4+ $2 {[%mdl 8192]} (39. Bg2 $17) 39... gxf3 $19 {Black is clearly winning.} 40. Bxf3 h6 41. Be2 Bg4 42. Bf1 Bd1 43. Bh3 Bc2 44. Ke3 (44. Kc4 $142 Bf5 45. Bf1) 44... Bf5 45. Bg2 Kg4 46. Kf2 {and the idea Bf3+ leaves White hopeful.} Bc2 47. Bf3+ Kf5 48. Kg2 (48. Ke3 $142 Ke5 49. Bg2) 48... Ke5 (48... Be4 $142 49. Kf2 Bxf3 50. Kxf3 Ke5) 49. Kh3 Bb3 50. Kh4 Bxd5 51. Bxd5 {Accuracy: White = 37%, Black = 62%.} 0-1